Miasta województwa Dolnośląskiego - Statystyki

Ogólne statystyki
  • Ten quiz został rozwiązany 208 razy
  • Średni wynik to 53 z 93
Statystyki odpowiedzi
Ludność Miasto % Poprawnych
674,132 Wrocław
100%
92,568 Legnica
98%
101,082 Wałbrzych
98%
68,016 Lubin
96%
75,429 Jelenia Góra
93%
62,533 Głogów
89%
37,160 Bolesławiec
88%
53,157 Świdnica
88%
29,109 Zgorzelec
87%
30,822 Dzierżoniów
86%
33,183 Oława
85%
35,210 Oleśnica
84%
24,933 Kłodzko
81%
21,416 Polkowice
79%
5,832 Szklarska Poręba
77%
4,278 Karpacz
76%
20,713 Jawor
75%
19,640 Lubań
75%
13,624 Trzebnica
75%
28,181 Bielawa
72%
8,180 Lwówek Śląski
72%
4,995 Lądek-Zdrój
71%
10,785 Milicz
71%
16,152 Bogatynia
70%
17,243 Kamienna Góra
69%
14,299 Ząbkowice Śląskie
68%
14,257 Złotoryja
66%
9,324 Kudowa-Zdrój
65%
20,543 Nowa Ruda
65%
3,961 Świeradów-Zdrój
65%
5,994 Polanica-Zdrój
64%
10,778 Góra
63%
11,956 Strzelin
63%
12,043 Wołów
63%
21,870 Świebodzice
62%
7,171 Kąty Wrocławskie
61%
4,637 Bolków
60%
9,548 Środa Śląska
60%
15,026 Strzegom
60%
4,051 Duszniki-Zdrój
59%
15,088 Jelcz-Laskowice
59%
5,247 Szczawno-Zdrój
57%
9,045 Bystrzyca Kłodzka
56%
5,026 Jaworzyna Śląska
56%
12,565 Brzeg Dolny
55%
6,148 Gryfów Śląski
55%
4,992 Stronie Śląskie
55%
2,329 Bardo
54%
12,392 Chojnów
54%
4,652 Jedlina-Zdrój
54%
6,205 Żmigród
54%
9,806 Kowary
52%
2,397 Międzylesie
52%
14,272 Boguszów-Gorce
50%
10,797 Siechnice
50%
8,992 Oborniki Śląskie
49%
7,995 Ziębice
49%
2,470 Złoty Stok
48%
5,288 Ścinawa
47%
2,654 Węgliniec
47%
7,404 Chocianów
45%
5,774 Piechowice
45%
6,782 Pieszyce
45%
6,997 Sobótka
45%
1,577 Wleń
45%
4,328 Kamieniec Ząbkowicki
44%
4,016 Leśna
44%
3,653 Mirsk
44%
6,207 Twardogóra
44%
4,481 Bierutów
43%
5,568 Lubawka
43%
5,601 Przemków
43%
9,928 Syców
43%
4,810 Szczytna
42%
1,759 Lubomierz
37%
2,270 Radków
37%
6,474 Żarów
37%
5,930 Głuszyca
36%
3,514 Prochowice
34%
2,015 Świerzawa
34%
2,703 Niemcza
33%
3,762 Mieroszów
31%
5,451 Pieńsk
31%
4,313 Olszyna
30%
2,557 Wąsosz
30%
4,115 Nowogrodziec
29%
2,265 Wiązów
29%
3,464 Wojcieszów
29%
2,059 Miękinia
28%
5,929 Piława Górna
28%
2,331 Międzybórz
27%
3,766 Zawidów
27%
2,149 Prusice
24%
Nie znaleziono quizów pasujących do podanych kryteriów
Rozkład punktacji
Procent ludzi z każdym wynikiem
Percentyl według liczby udzielonych odpowiedzi
Twoja historia wyników
Nie rozwiązałeś tego quizu